000 00209 a2200109 4500
020 _a0-7460-0508-3
041 _aeng
100 _afowler,mark
245 _athe emerald conspiracy
942 _cBK
952 _71
999 _c17874
_d17874